00491nam a2200193Ia 4500008004100000050001500041050001400056100002900070245002700099245002800126260001700154260002800171260000900199300001600208300002000224300001100244650002600255650001600281160418s9999 xx 000 0 und d aFIL GV 464 b.A68 1953 aAquino, Francisca Reyes. aGymnastics for girls / cFrancisca Reyes Aquino. aQuezon City: bKayumanggi Press. Inc., c1953 a249 pages : billustrations ; c23 cm. aGymnastics for women. xGymnastics.